000 00829cam a2200241 a 4500
001 12007766
005 20180312044918.0
008 000515s2000 cau b 001 0 eng
010 _a 00009551
020 _a0761987029 (pbk. : alk. paper)
040 _aDLC
_cDLC
_dDLC
041 _aeng
043 _an-us---
080 _a305.260973 WAL
082 0 0 _a305.260973 WAL
_221
100 _a50
101 _aSOC
245 0 0 _aFamilies in later life :
_cAlexis J. Walker ... [et al.].
504 _aIncludes bibliographical references (p. 293-300) and indexes.
906 _a7
_bcbc
_corignew
_d1
_eecip
_f20
_gy-gencatlg
942 _2ddc
_cBK
999 _c44674
_d44674